Normal view
MARC view
- Blicq, Ron S
Entry Personal Name
001 - CONTROL NUMBER
- control field: 126947
003 - CONTROL NUMBER IDENTIFIER
- control field: NUST
005 - DATE AND TIME OF LATEST TRANSACTION
- control field: 20241115131532.0
008 - FIXED-LENGTH DATA ELEMENTS
- fixed length control field: 241115|| aca||aabn | a|a d
040 ## - CATALOGING SOURCE
- Original cataloging agency: NUST
- Transcribing agency: NUST
100 ## - HEADING--PERSONAL NAME
- Personal name: Blicq, Ron S
670 ## - SOURCE DATA FOUND
- Source citation: Work cat.: (NUST)4916: Blicq, Ron S, Technically-write: communicating in a technological era, , c1986.
